Rozpoznaj miejsce w Suwałkach po zdjęciu #2 - Statystyki

Ogólne statystyki
  • Ten quiz został rozwiązany 52 razy
  • Średni wynik to 5 z 12
Statystyki odpowiedzi
Obrazkowy Odpowiedź % Poprawnych
Lotnisko
85%
Dworzec Autobusowy
79%
Targowisko Miejskie
77%
WORD Suwałki
72%
Multishop Suwałki
57%
Konkatedra św. Aleksandra
43%
Areszt Śledczy
26%
Dworzec "Papiernia"
21%
Pasaż Grande Synthe
17%
Osiedle Kamena
13%
Skwer Radia 5
11%
Park Suwalskich Przedsiębiorców
6%
Nie znaleziono quizów pasujących do podanych kryteriów
Rozkład punktacji
Procent ludzi z każdym wynikiem
Percentyl według liczby udzielonych odpowiedzi
Twoja historia wyników
Nie rozwiązałeś tego quizu